Logo BPK

Bibliografia Prac Pracowników

Politechniki Koszalińskiej

Wpływ budowy strukturalnej spoiwa ceramicznego na właściwości eksploatacyjne ściernic z mikrokrystalicznymi ziarnami regularnego azotku boru w procesie szlifowania wewnętrznych powierzchni walcowych : (Rekord nr 10599)

Szczegóły MARC
000 -ETYKIETA REKORDU
podpole kontrolne o stałej długości 02519nam a2200409 i 4500
003 - IDENTYFIKATOR NUMERU KONTROLNEGO REKORDU
podpole kontrolne KOSZ 005
005 - DATA OSTATNIEJ MODYFIKACJI REKORDU
podpole kontrolne 20200616113403.0
008 - POLE O STAŁEJ DŁUGOŚCI - DANE KONTROLNE
podpole kontrolne o stałej długości 180716s2009 pl a|||f m||| 00| 0 pol d
035 ## - NUMER SYSTEMOWY
Numer systemowy przejętego rekordu 10599
040 ## - ŹRÓDŁO KATALOGOWANIA
Instytucja, która utworzyła rekord KOSZ 005
Instytucja, która sporządziła opis KOSZ 005
Instytucja, która dokonała modyfikacji KOSZ 005/EG
041 ## - KOD JĘZYKA
Kod języka tekstu pol
080 ## - UNIWERSALNA KLASYFIKACJA DZIESIĘTNA - UKD
UKD 621.9
080 ## - UNIWERSALNA KLASYFIKACJA DZIESIĘTNA - UKD
UKD 666
084 ## - NUMER INNEJ KLASYFIKACJI
Numer klasyfikacji 370000
100 1# - NAZWA OSOBOWA
Nazwa osobowa Krzos, Jan.
Określenie rodzaju współpracy Autor
245 10 - TYTUŁ/ODPOWIEDZIALNOŚĆ
Tytuł Wpływ budowy strukturalnej spoiwa ceramicznego na właściwości eksploatacyjne ściernic z mikrokrystalicznymi ziarnami regularnego azotku boru w procesie szlifowania wewnętrznych powierzchni walcowych :
Ciąg dalszy tytułu rozprawa doktorska /
Pozostałe elementy strefy tytułu i oznaczenia odpowiedzialności Jan Krzos ; Politechnika Koszalińska. Wydział Mechaniczny.
260 ## - STREFA ADRESU WYDAWNICZEGO
Miejsce wydania Koszalin :
Nazwa wydawcy/dystrybutora [s.n.],
Data publikacji, dystrybucji/powstania dokumentu 2009.
300 ## - STREFA OPISU FIZYCZNEGO
Objętość 277 strony :
Inne cechy fizyczne ilustracje ;
Rozmiary 30 cm +
Dokument towarzyszący 2 recenzje ; załącznik.
336 ## - TYP ZAWARTOŚCI
Źródło (terminu i kodu) rdacontent
Termin opisujący typ zawartości Tekst
Kod określający zawartość txt
337 ## - TYP MEDIÓW
Źródło (terminu i kodu) rdamedia
Tryb odtwarzania Bez urządzenia pośredniczącego
Kod typu mediów n
338 ## - TYP/RODZAJ NOŚNIKA
Źródło (terminu i kodu) rdacarrier
Hasło opisujące typ nośnika Wolumin
Kod typu nośnika nc
502 ## - UWAGA DOTYCZĄCA DYSERTACJI
Informacje o dysertacji Rozprawa doktorska. Politechnika Koszalińska. 2009.
504 ## - UWAGA DOTYCZACA BIBLIOGRAFII
Informacje o bibliografii Bibliografia na stronach 268-277.
520 ## - UWAGA DOTYCZĄCA TREŚCI DOKUMENTU
Analiza dokumentacyjna, adnotacja itp. Głównym celem pracy jest określenie wpływu ilości fazy krystalicznej zawartej w spoiwie ceramicznym, na wybrane właściwości eksploatacyjne ściernic zbudowanych z mikrokrystalicznych ziaren regularnego azotku boru. Na podstawie przeprowadzonych badań obwodowego szlifowania wewnętrznych powierzchni walcowych określono kierunki dalszych badań: - wyjaśnienie mechanizmów i zjawisk fizycznych i chemicznych zachodzących na granicy fazy spoiwo-ziarno ścierne; - ustalenie związków pomiędzy uzyskiwanymi wartościami wskaźników procesu szlifowania, w zależności od ilości fazy krystalicznej w spoiwie ceramicznym, podczas procesu obróbki prowadzonego w wyższych zakresach prędkości obwodowych ściernicy; - należy wykonać badania z użyciem szerszego spektrum zmian ilości fazy krystalicznej w spoiwie ceramicznym oraz w zakresie zmian wielkości kryształków spoiwa.
653 ## - TERMIN INDEKSOWY - FORMA NIEKONTROLOWANA
Termin indeksowy Szlifowanie
653 ## - TERMIN INDEKSOWY - FORMA NIEKONTROLOWANA
Termin indeksowy Spoiwo ceramiczne
653 ## - TERMIN INDEKSOWY - FORMA NIEKONTROLOWANA
Termin indeksowy Narzędzia ścierne
653 ## - TERMIN INDEKSOWY - FORMA NIEKONTROLOWANA
Termin indeksowy Azotek boru
658 ## - INDEX TERM--CURRICULUM OBJECTIVE
Main curriculum objective Inżynieria i technika
655 #4 - TERMIN INDEKSOWY - OKREŚLENIE RODZAJU/FORMY DOKUMENTU
Określnie rodzaju/formy dokumentu Rozprawa doktorska
700 1# - HASŁO DODATKOWE - NAZWA OSOBOWA
Nazwa osobowa Herman, Daniela.
Określenie związku między hasłem a opisywanym materiałem Promotor
700 1# - HASŁO DODATKOWE - NAZWA OSOBOWA
Nazwa osobowa Plichta, Jarosław.
Określenie związku między hasłem a opisywanym materiałem Recenzja
700 1# - HASŁO DODATKOWE - NAZWA OSOBOWA
Nazwa osobowa Niżankowski, Czesław.
Określenie związku między hasłem a opisywanym materiałem Recenzja
710 2# - HASŁO DODATKOWE - NAZWA CIAŁA ZBIOROWEGO
Nazwa ciała zbiorowego lub jednostki geograficznej Wydział Mechaniczny (Politechnika Koszalińska)
942 ## - HASŁO DODATKOWE - ELEMENTY(KOHA)
Typ dokumentu Rozprawa doktorska
Schemat klasyfikacji Uniwersalna klasyfikacja dziesiętna
Egzemplarze
Wycofany Zagubiony Dołączone materiały Uszkodzony Dostępność Lokalizacja stała Lokalizacja bieżąca Miejsce przechowywania Sygnatura Kod kreskowy Typ dokumentu
    2 recenzje   Tylko na miejscu Bibliografia Prac Pracowników - BPK Bibliografia Prac Pracowników - BPK Informatorium RD 140 09040311 Rozprawa doktorska
© 2014 Biblioteka Politechniki Koszalińskiej :: BIBLIOGRAFIA PRAC PRACOWNIKÓW